[Event "Bucharest op"]
[Site "Bucharest"]
[Date "2005.09.19"]
[Round "4"]
[White "Calotescu, Ana Cristina"]
[Black "Ionescu, Constantin"]
[Result "0-1"]
[WhiteElo "2273"]
[BlackElo "2456"]
[PlyCount "78"]
[EventDate "2005.09.17"]
[EventType "swiss"]
[EventRounds "9"]
[EventCountry "ROU"]
[SourceTitle "CBM 108 Extra"]
[Source "ChessBase"]
[SourceDate "2005.11.04"]
[SourceVersion "1"]
[SourceVersionDate "2005.11.04"]
[SourceQuality "1"]

1. Nf3 Nf6 2. c4 c5 3. g3 b6 4. Bg2 Bb7 5. 0-0 g6 6. b3 Bg7 7. Bb2 0-0 8. d4 cxd4 9. Nxd4 Bxg2 10. Kxg2 d5 11. cxd5 Qxd5+ 12. Nf3 Qb7 13. Nbd2 Rd8 14. Qc2 Na6 15. Rad1 Rac8 16. Qb1 Nc5 17. Nc4 Nce4 18. Rxd8+ Rxd8 19. Rd1 Rc8 20. Ne3 Bh6 21. Rd3 Nc5 22. Rd4 Bxe3 23. fxe3 Ne6 24. Rd3 h5 25. Bxf6 exf6 26. Qb2 Kg7 27. Rc3 Rxc3 28. Qxc3 Qe4 29. Qd3 Nc5 30. Qxe4 Nxe4 31. Nd4 f5 32. b4 Nc3 33. a3 a6 34. Kf2 Kf6 35. Ke1 Ke5 36. Nc2 Kd5 37. Kd2 Kc4 38. Kc1 Nxe2+ 39. Kb2 Nc3 0-1

[Event "EU-chT (Women) 15th"]
[Site "Gothenburg"]
[Date "2005.08.07"]
[Round "9"]
[White "Calotescu, Ana Cristina"]
[Black "Chelushkina, Irina"]
[Result "1/2-1/2"]
[WhiteElo "2273"]
[BlackElo "2330"]
[PlyCount "176"]
[EventDate "2005.07.30"]
[EventType "team-swiss"]
[EventRounds "9"]
[EventCountry "SWE"]
[SourceTitle "CBM 107 Extra"]
[Source "ChessBase"]
[SourceDate "2005.09.01"]
[SourceVersion "1"]
[SourceVersionDate "2005.09.01"]
[SourceQuality "1"]
[WhiteTeam "Romania (W)"]
[BlackTeam "Yugoslavia (W)"]
[WhiteTeamCountry "ROU"]
[BlackTeamCountry "YUG"]

1. Nf3 c5 2. c4 Nc6 3. Nc3 g6 4. g3 Bg7 5. Bg2 d6 6. 0-0 e5 7. a3 a5 8. d3 Nge7 9. Ne1 Be6 10. Nc2 0-0 11. Ne3 h6 12. Rb1 Rb8 13. Bd2 g5 14. Ned5 Bg4 15. b4 axb4 16. axb4 Nxd5 17. Nxd5 Nd4 18. f3 Be6 19. e3 Nc6 20. bxc5 dxc5 21. e4 Nd4 22. Be3 Re8 23. Rf2 Bd7 24. Rfb2 Bc6 25. Bxd4 exd4 26. Nb6 f5 27. Nd5 Qd7 28. Rb6 Qf7 29. f4 fxe4 30. Bxe4 gxf4 31. Qf3 Rbd8 32. gxf4 Rd6 33. Kh1 Kh8 34. Rg1 Rg8 35. Rg3 Bf8 36. Rxg8+ Kxg8 37. f5 Kh8 38. f6 Qe6 39. f7 Rd7 40. Qf6+ Qxf6 41. Nxf6 Rxf7 42. Nd5 Bd6 43. Kg2 Kg7 44. Rb2 h5 45. Kg1 Kf8 46. Rg2 b5 47. cxb5 Bxb5 48. Rg6 Rg7 49. Rxg7 Kxg7 50. Nb6 Kf6 51. Nc4 Bc7 52. Bf3 Kg5 53. Kg2 h4 54. h3 Kf4 55. Kf2 Bd7 56. Bg2 Bf5 57. Bf1 Bg6 58. Kg2 Bf7 59. Kf2 Bg6 60. Nd2 Kf5 61. Bg2 Bg3+ 62. Ke2 Ke5 63. Nc4+ Kf4 64. Nd2 Bh5+ 65. Bf3 Bg6 66. Bg4 Bf7 67. Nc4 Kg5 68. Nd2 Kf4 69. Nc4 Bd5 70. Nd2 Ke5 71. Nc4+ Kf6 72. Nd2 Ke7 73. Nc4 Bf4 74. Nb6 Bb3 75. Nc4 Kf6 76. Kf3 Bc7 77. Ke4 Bc2 78. Na3 Ba4 79. Kd5 Bd8 80. Nc4 Be7 81. Ne5 Bb3+ 82. Ke4 Bg8 83. Be2 Be6 84. Bg4 Bg8 85. Be2 Bh7+ 86. Kd5 Bf5 87. Bg4 Bxg4 88. Nxg4+ Kf5 1/2-1/2

[Event "ROM-chT"]
[Site "Baile Tusnad"]
[Date "2005.05.29"]
[Round "9"]
[White "Moldovan, Corina"]
[Black "Calotescu, Ana Cristina"]
[Result "1-0"]
[WhiteElo "2226"]
[BlackElo "2268"]
[PlyCount "117"]
[EventDate "2005.05.21"]
[EventType "team"]
[EventRounds "9"]
[EventCountry "ROU"]
[SourceTitle "CBM 106 Extra"]
[Source "ChessBase"]
[SourceDate "2005.07.01"]
[SourceVersion "1"]
[SourceVersionDate "2005.07.01"]
[SourceQuality "1"]

1. e4 c5 2. Nf3 d6 3. Bc4 Nf6 4. d3 e6 5. Bb3 Be7 6. 0-0 0-0 7. c3 b6 8. Re1 Bb7 9. Nbd2 Nbd7 10. Nf1 b5 11. Ng3 a5 12. d4 c4 13. Bc2 e5 14. Bg5 g6 15. Qd2 Ng4 16. Bxe7 Qxe7 17. a4 bxa4 18. h3 Ngf6 19. Rxa4 Nb6 20. Ra3 a4 21. Qg5 h6 22. Qxh6 Nh7 23. h4 Qf6 24. h5 Qf4 25. Qxf4 exf4 26. hxg6 fxg6 27. Ne2 g5 28. d5 g4 29. Nfd4 Ng5 30. f3 gxf3 31. Nxf3 Nxf3+ 32. gxf3 Rf6 33. Kf2 Bc8 34. Rh1 Ra7 35. Raa1 Rg7 36. Bxa4 Rf8 37. Bc6 Nd7 38. Bxd7 Bxd7 39. Rh4 Rb8 40. Ra2 Be8 41. Nxf4 Rgb7 42. Ke3 Rxb2 43. Rxb2 Rxb2 44. Rg4+ Kf7 45. Rg2 Rb1 46. Ra2 Rc1 47. Ne2 Rf1 48. Ra7+ Kf6 49. Rc7 Bh5 50. Nd4 Re1+ 51. Kf2 Ra1 52. Rxc4 Bf7 53. Rc7 Be8 54. Ke3 Re1+ 55. Kf4 Rf1 56. c4 Rc1 57. Nf5 Bh5 58. Rc6 Rc3 59. Rxd6+ 1-0

[Event "Bucharest Winter Cup (Women)"]
[Site "Bucharest"]
[Date "2004.12.12"]
[Round "10"]
[White "Calotescu, Ana Cristina"]
[Black "Drljevic, Ljilja"]
[Result "1-0"]
[WhiteElo "2294"]
[BlackElo "2188"]
[PlyCount "73"]
[EventDate "2004.12.03"]
[EventType "tourn"]
[EventRounds "10"]
[EventCountry "ROU"]
[SourceTitle "EXT 2006"]
[Source "ChessBase"]
[SourceDate "2005.11.24"]
[SourceVersion "1"]
[SourceVersionDate "2005.11.24"]
[SourceQuality "1"]

1. c4 Nf6 2. Nc3 d6 3. g3 g6 4. Bg2 Bg7 5. e4 0-0 6. Nge2 e5 7. 0-0 Nbd7 8. d3 c6 9. h3 a6 10. Be3 b5 11. Qd2 Rb8 12. f4 Qe7 13. f5 d5 14. exd5 cxd5 15. Nxd5 Nxd5 16. cxd5 Nf6 17. fxg6 hxg6 18. b4 Rd8 19. Bc5 Qe8 20. Nc3 Bb7 21. d6 Qe6 22. Rae1 Nd5 23. Ne4 f5 24. Ng5 Qe8 25. a4 Bf6 26. Qa2 Bxg5 27. Bxd5+ Kg7 28. g4 Kf6 29. d4 e4 30. Bxb7 Qh8 31. Qd5 Bf4 32. Rxf4 Qxh3 33. Qe5+ Kg5 34. Rxf5+ gxf5 35. Qxf5+ Kh4 36. Qh5+ Kg3 37. Re3+ 1-0

[Event "ROM-ch (Women)"]
[Site "Brasov"]
[Date "2004.11.22"]
[Round "2.1"]
[White "Vasiesiu, Cristina"]
[Black "Calotescu, Ana Cristina"]
[Result "1-0"]
[WhiteElo "2171"]
[BlackElo "2294"]
[PlyCount "77"]
[EventDate "2004.11.20"]
[EventType "k.o."]
[EventRounds "4"]
[EventCountry "ROU"]
[SourceTitle "CBM 103 Extra"]
[Source "ChessBase"]
[SourceDate "2005.01.01"]
[SourceVersion "1"]
[SourceVersionDate "2005.01.01"]
[SourceQuality "1"]

1. e4 c5 2. Nf3 d6 3. d4 Nf6 4. Nc3 cxd4 5. Nxd4 a6 6. f3 e5 7. Nb3 Be6 8. Be3 Nbd7 9. Qd2 b5 10. g4 Nb6 11. g5 Nh5 12. Nd5 Nxd5 13. exd5 Bd7 14. 0-0-0 a5 15. Qd3 Be7 16. Rg1 Qb8 17. Nd2 0-0 18. Ne4 b4 19. Kb1 a4 20. f4 exf4 21. Bd4 f5 22. gxf6 Bxf6 23. Ng5 Bxg5 24. Rxg5 Nf6 25. Bh3 Qb5 26. Rdg1 Qxd3 27. Rxg7+ Kh8 28. Rg8+ Rxg8 29. Bxf6+ Rg7 30. cxd3 Bxh3 31. Rxg7 Rf8 32. Rg6+ Rxf6 33. Rxf6 b3 34. Rxf4 Kg7 35. Rxa4 Kf6 36. axb3 Ke5 37. Rh4 Bf1 38. Kc2 Kxd5 39. Rxh7 1-0

[Event "WUCC op (Women) 8th"]
[Site "Istanbul"]
[Date "2004.09.10"]
[Round "8"]
[White "Calotescu, Ana Cristina"]
[Black "Partac, Elena"]
[Result "1-0"]
[WhiteElo "2307"]
[BlackElo "2275"]
[PlyCount "53"]
[EventDate "2004.09.05"]
[EventType "swiss"]
[EventRounds "9"]
[EventCountry "TUR"]
[SourceTitle "CBM 102 Extra"]
[Source "ChessBase"]
[SourceDate "2004.11.03"]
[SourceVersion "1"]
[SourceVersionDate "2004.11.03"]
[SourceQuality "1"]

1. Nf3 Nc6 2. d4 d5 3. c4 e6 4. g3 Nf6 5. Bg2 Bb4+ 6. Bd2 Qe7 7. 0-0 Bxd2 8. Nbxd2 0-0 9. e3 Rd8 10. a3 a5 11. Qc2 a4 12. Rad1 Bd7 13. e4 dxe4 14. Nxe4 Nxe4 15. Qxe4 Na5 16. Qe2 Qd6 17. c5 Qa6 18. Qxa6 Rxa6 19. d5 Nb3 20. c6 Bc8 21. dxe6 Re8 22. e7 f6 23. Ne5 Be6 24. Rd8 Ra8 25. Rxa8 Rxa8 26. cxb7 Re8 27. Bc6 1-0

[Event "WUCC op (Women) 8th"]
[Site "Istanbul"]
[Date "2004.09.08"]
[Round "6"]
[White "Calotescu, Ana Cristina"]
[Black "Khukhashvili, Sopiko"]
[Result "1/2-1/2"]
[WhiteElo "2307"]
[BlackElo "2256"]
[PlyCount "30"]
[EventDate "2004.09.05"]
[EventType "swiss"]
[EventRounds "9"]
[EventCountry "TUR"]
[SourceTitle "CBM 102 Extra"]
[Source "ChessBase"]
[SourceDate "2004.11.03"]
[SourceVersion "1"]
[SourceVersionDate "2004.11.03"]
[SourceQuality "1"]

1. c4 e5 2. g3 f5 3. Bg2 Nf6 4. Nc3 Bb4 5. Qb3 Bxc3 6. Qxc3 Qe7 7. d3 Nc6 8. e3 0-0 9. Ne2 e4 10. d4 Qb4 11. 0-0 Qxc3 12. Nxc3 a6 13. Bd2 Re8 14. Rac1 Ne7 15. b3 Rb8 1/2-1/2

[Event "EU-ch (Women) 5th"]
[Site "Dresden"]
[Date "2004.04.01"]
[Round "11"]
[White "Calotescu, Ana Cristina"]
[Black "Jelica, Mara"]
[Result "1-0"]
[WhiteElo "2290"]
[BlackElo "2222"]
[PlyCount "103"]
[EventDate "2004.03.21"]
[EventType "swiss"]
[EventRounds "12"]
[EventCountry "GER"]
[SourceTitle "CBM 099 Extra"]
[Source "ChessBase"]
[SourceDate "2004.05.04"]
[SourceVersion "1"]
[SourceVersionDate "2004.05.04"]
[SourceQuality "1"]

1. Nf3 f5 2. d4 Nf6 3. g3 g6 4. Bg2 Bg7 5. b3 0-0 6. Bb2 d6 7. c4 e6 8. Nc3 h6 9. Qc2 Nc6 10. Rd1 Qe8 11. 0-0 g5 12. e3 Ne7 13. e4 f4 14. e5 Nh7 15. g4 dxe5 16. dxe5 Bd7 17. Ne4 Bc6 18. Ba3 Rf7 19. Rfe1 a5 20. Nc3 Nf8 21. Nb5 Neg6 22. Nbd4 Bd7 23. h3 a4 24. b4 Rd8 25. b5 Ra8 26. Bf1 Bc8 27. Bd3 Rd7 28. Bb2 a3 29. Bc3 c5 30. bxc6 bxc6 31. Nb3 Nh4 32. Nxh4 gxh4 33. Nc5 h5 34. Nxd7 Bxd7 35. f3 c5 36. Be4 Ba4 37. Qf2 Rc8 38. Rd6 hxg4 39. fxg4 Ng6 40. Rxe6 Ne7 41. Qxh4 Rc7 42. Qh7+ Kf8 43. Bg6 Bc2 44. Bxc2 Qf7 45. Rd6 Nc6 46. Qe4 Qe8 47. Ba4 Kg8 48. Bxc6 Qe7 49. Bd5+ Kh8 50. Qf5 Qh4 51. Qh5+ Qxh5 52. gxh5 1-0

[Event "EU-ch (Women) 5th"]
[Site "Dresden"]
[Date "2004.03.27"]
[Round "7"]
[White "Calotescu, Ana Cristina"]
[Black "Aginian, Nelly"]
[Result "1-0"]
[WhiteElo "2290"]
[BlackElo "2189"]
[PlyCount "131"]
[EventDate "2004.03.21"]
[EventType "swiss"]
[EventRounds "12"]
[EventCountry "GER"]
[SourceTitle "CBM 099 Extra"]
[Source "ChessBase"]
[SourceDate "2004.05.04"]
[SourceVersion "1"]
[SourceVersionDate "2004.05.04"]
[SourceQuality "1"]

1. Nf3 Nf6 2. c4 c5 3. Nc3 d5 4. cxd5 Nxd5 5. e3 Nxc3 6. bxc3 g6 7. Bb5+ Bd7 8. a4 Bg7 9. 0-0 0-0 10. Ba3 Qc7 11. d4 b6 12. Qe2 a6 13. Bd3 Bc6 14. a5 Nd7 15. axb6 Qxb6 16. Rfb1 Qa7 17. e4 e6 18. e5 Rfc8 19. Be4 cxd4 20. cxd4 a5 21. h4 Rab8 22. Rxb8 Qxb8 23. Rb1 Qa8 24. Ng5 Bxe4 25. Qxe4 h6 26. Qxa8 Rxa8 27. Ne4 Ra7 28. f4 Bf8 29. Nc5 Nxc5 30. dxc5 Rc7 31. Rb5 a4 32. Kf2 Be7 33. g3 g5 34. fxg5 hxg5 35. h5 g4 36. Ke3 Bg5+ 37. Ke4 Kh7 38. Ra5 Kh6 39. Rxa4 Kxh5 40. Rc4 Be7 41. Bb4 Bf8 42. Kd3 Kg5 43. Ke4 Kh5 44. Ke3 Kg5 45. Kd3 Kf5 46. Rf4+ Kxe5 47. Kc4 Bxc5 48. Bxc5 f5 49. Rf1 Ke4 50. Re1+ Kf3 51. Re3+ Kf2 52. Rc3+ Kg2 53. Kd4 Rb7 54. Bd6 Rb1 55. Bf4 Rf1 56. Re3 Rd1+ 57. Ke5 Rd8 58. Kf6 Rf8+ 59. Ke7 Ra8 60. Rxe6 Ra3 61. Kf6 Kf3 62. Kxf5 Ra5+ 63. Re5 Ra3 64. Kg5 Rc3 65. Kh4 Ra3 66. Re3+ 1-0

[Event "EU-ch (Women) 5th"]
[Site "Dresden"]
[Date "2004.03.23"]
[Round "3"]
[White "Calotescu, Ana Cristina"]
[Black "Khurtsidze, Nino"]
[Result "1/2-1/2"]
[WhiteElo "2290"]
[BlackElo "2411"]
[PlyCount "103"]
[EventDate "2004.03.21"]
[EventType "swiss"]
[EventRounds "12"]
[EventCountry "GER"]
[SourceTitle "CBM 099 Extra"]
[Source "ChessBase"]
[SourceDate "2004.05.04"]
[SourceVersion "1"]
[SourceVersionDate "2004.05.04"]
[SourceQuality "1"]

1. Nf3 Nf6 2. c4 e6 3. g3 a6 4. Bg2 b5 5. b3 c5 6. Bb2 Bb7 7. d3 Be7 8. Nbd2 0-0 9. 0-0 d5 10. cxd5 Bxd5 11. e4 Bb7 12. e5 Nd5 13. d4 Nd7 14. Qe2 Rc8 15. h4 Qb6 16. dxc5 Nxc5 17. Ng5 Nb4 18. Bxb7 Qxb7 19. a3 Nbd3 20. Bd4 Bxg5 21. hxg5 Qd5 22. Bxc5 Nxc5 23. Qe3 Rfd8 24. Rad1 Qd3 25. Qxd3 Rxd3 26. b4 Na4 27. Ne4 Rxa3 28. Rd7 Nb6 29. Rb7 Nd5 30. Nd6 Rf8 31. Rc1 h6 32. gxh6 gxh6 33. Ra7 Ra4 34. Rc6 Rxb4 35. Rcxa6 Rb1+ 36. Kg2 b4 37. Rb7 b3 38. Raa7 b2 39. Nc4 Rc8 40. Rxb2 Ne3+ 41. fxe3 Rxb2+ 42. Nxb2 Rc2+ 43. Kf3 Rxb2 44. Rc7 Rb5 45. Kf4 Rb1 46. g4 Kg7 47. Rc8 Rb4+ 48. e4 Rb3 49. Ra8 Rb1 50. Rc8 Rf1+ 51. Ke3 Rh1 52. Ra8 1/2-1/2

[Event "EU-ch (Women) 5th"]
[Site "Dresden"]
[Date "2004.03.22"]
[Round "2"]
[White "Danielian, Elina"]
[Black "Calotescu, Ana Cristina"]
[Result "1/2-1/2"]
[WhiteElo "2428"]
[BlackElo "2290"]
[PlyCount "123"]
[EventDate "2004.03.21"]
[EventType "swiss"]
[EventRounds "12"]
[EventCountry "GER"]
[SourceTitle "CBM 099 Extra"]
[Source "ChessBase"]
[SourceDate "2004.05.04"]
[SourceVersion "1"]
[SourceVersionDate "2004.05.04"]
[SourceQuality "1"]

1. d4 Nf6 2. g3 g6 3. Bg2 Bg7 4. e4 d6 5. Ne2 0-0 6. 0-0 c5 7. dxc5 dxc5 8. e5 Ng4 9. f4 Qb6 10. Nbc3 Be6 11. Nd5 Bxd5 12. Qxd5 Nc6 13. Qf3 Nh6 14. Nc3 Nf5 15. Nd5 Qa5 16. Qf2 e6 17. Ne3 Nxe3 18. Bxe3 Rfd8 19. c3 c4 20. Bd4 Rd7 21. Qe2 Qa4 22. Bf2 Qa6 23. b4 Ne7 24. Rfb1 Nd5 25. Bd4 Bf8 26. a3 Rad8 27. Be4 b6 28. Rf1 Qc8 29. Rf2 Qc7 30. h4 a5 31. bxa5 bxa5 32. a4 Bc5 33. Rc1 Bxd4 34. cxd4 Nb6 35. h5 Rxd4 36. hxg6 fxg6 37. Bb1 Qd7 38. Ba2 Qxa4 39. Qg4 Qd7 40. Rb2 Rd1+ 41. Rxd1 Qxd1+ 42. Qxd1 Rxd1+ 43. Kf2 c3 44. Bxe6+ Kf8 45. Rc2 Rd3 46. g4 a4 47. f5 a3 48. Ke2 Rh3 49. f6 Na4 50. Ba2 Nc5 51. e6 Ne4 52. g5 Nc5 53. e7+ Ke8 54. Bd5 Nd7 55. Ra2 Rh2+ 56. Kd3 Rxa2 57. Bxa2 h6 58. gxh6 Nxf6 59. Kxc3 Kxe7 60. Kb3 g5 61. Bb1 g4 62. h7 1/2-1/2

[Event "Rohde op 03rd"]
[Site "Sautron"]
[Date "2003.10.28"]
[Round "4"]
[White "Calotescu, Ana Cristina"]
[Black "Guliyev, Namig"]
[Result "0-1"]
[WhiteElo "2304"]
[BlackElo "2457"]
[PlyCount "132"]
[EventDate "2003.10.25"]
[EventType "swiss"]
[EventRounds "9"]
[EventCountry "FRA"]
[SourceTitle "EXT 2004"]
[Source "ChessBase"]
[SourceDate "2003.11.25"]
[SourceVersion "1"]
[SourceVersionDate "2003.11.25"]
[SourceQuality "1"]

1. Nf3 Nf6 2. c4 g6 3. g3 Bg7 4. Bg2 0-0 5. d4 d6 6. 0-0 Nbd7 7. Nc3 e5 8. e4 Re8 9. h3 c6 10. Be3 exd4 11. Nxd4 Nc5 12. Qc2 Qe7 13. Rfe1 Bd7 14. f3 Nh5 15. Kh2 f5 16. exf5 Nxg3 17. Kxg3 Bxd4 18. Bxd4 Qg5+ 19. Kh2 Qf4+ 20. Kh1 Qxd4 21. fxg6 Nd3 22. gxh7+ Kh8 23. Rxe8+ Rxe8 24. Ne4 Bf5 25. Qc3 Qxc3 26. bxc3 Bxe4 27. fxe4 Kxh7 28. Rb1 b6 29. Kh2 Ne5 30. h4 Kh6 31. Rf1 Kg7 32. Bh3 Nxc4 33. Bf5 Ne3 34. Rg1+ Kf6 35. Bg6 Re5 36. Kh3 Rc5 37. h5 Rxc3 38. Kh4 Ra3 39. h6 Rxa2 40. h7 Rh2+ 41. Kg3 Kxg6 42. Kxh2+ Kxh7 43. Kg3 Nc4 44. Kf4 a5 45. Kf5 b5 46. Ke6 b4 47. e5 dxe5 48. Kf7 Nd6+ 49. Ke6 Nb5 50. Kf7 Kh6 51. Kf6 Kh5 52. Kxe5 b3 53. Kf5 Kh6 54. Kf6 Kh7 55. Kf7 Nd6+ 56. Ke6 Ne4 57. Kf7 Kh6 58. Rg6+ Kh5 59. Rxc6 a4 60. Rb6 Nc5 61. Rb5 a3 62. Rxc5+ Kg4 63. Kf6 a2 64. Rc4+ Kf3 65. Ra4 b2 66. Ra3+ Ke4 0-1

[Event "Sadoveanu op"]
[Site "Romania"]
[Date "2003.08.08"]
[Round "6"]
[White "Raceanu, Valentin"]
[Black "Calotescu, Ana Cristina"]
[Result "1-0"]
[WhiteElo "2378"]
[BlackElo "2306"]
[PlyCount "83"]
[EventDate "2003.08.03"]
[EventType "swiss"]
[EventRounds "10"]
[EventCountry "ROU"]
[SourceTitle "EXT 2009"]
[Source "ChessBase"]
[SourceDate "2008.11.26"]
[SourceVersion "1"]
[SourceVersionDate "2008.11.26"]
[SourceQuality "1"]

1. d4 Nf6 2. Nf3 g6 3. c4 Bg7 4. Nc3 0-0 5. Bg5 c5 6. d5 d6 7. e3 h6 8. Bh4 g5 9. Bg3 Nh5 10. Nd2 Nxg3 11. hxg3 Nd7 12. Qc2 f5 13. Bd3 Ne5 14. Nf3 Nxd3+ 15. Qxd3 a6 16. a4 b6 17. 0-0 Qe8 18. Rfe1 Qg6 19. Rab1 Qf6 20. e4 fxe4 21. Nxe4 Qf7 22. Re3 Bf5 23. Rbe1 Bxb2 24. Qb1 Bg7 25. Qxb6 g4 26. Nh4 Rab8 27. Qa5 Bxe4 28. Rxe4 Qxf2+ 29. Kh2 h5 30. R1e2 Qf1 31. Re1 Qf2 32. R4e2 Qd4 33. Ng6 Rf2 34. Nxe7+ Kh7 35. Nc6 Qf6 36. Nxb8 h4 37. Qd2 hxg3+ 38. Kxg3 Rf5 39. Nc6 Rh5 40. Qd3+ Kg8 41. Re8+ Bf8 42. Rxf8+ 1-0

[Event "Sadoveanu op"]
[Site "Romania"]
[Date "2003.08.06"]
[Round "4"]
[White "Itkis, Boris"]
[Black "Calotescu, Ana Cristina"]
[Result "1/2-1/2"]
[WhiteElo "2463"]
[BlackElo "2306"]
[PlyCount "53"]
[EventDate "2003.08.03"]
[EventType "swiss"]
[EventRounds "10"]
[EventCountry "ROU"]
[SourceTitle "EXT 2009"]
[Source "ChessBase"]
[SourceDate "2008.11.26"]
[SourceVersion "1"]
[SourceVersionDate "2008.11.26"]
[SourceQuality "1"]

1. d4 Nf6 2. Nf3 g6 3. c4 Bg7 4. g3 0-0 5. Bg2 d6 6. Nc3 c6 7. h3 Qa5 8. Bd2 Qc7 9. e4 e5 10. Be3 Nbd7 11. 0-0 Re8 12. Re1 a6 13. Rc1 exd4 14. Nxd4 Rb8 15. Qc2 c5 16. Nf3 b5 17. Nd2 b4 18. Nd5 Nxd5 19. cxd5 a5 20. Bf1 Nb6 21. Bf4 Bd7 22. Kh2 Ba4 23. Qb1 Qe7 24. Nf3 Nd7 25. b3 Bb5 26. Bxb5 Rxb5 27. Qd3 1/2-1/2